000 01893 a2200217 4500
001 10421
005 20260407155437.0
008 260407a2006 arg spa d
003 AR-UNSa-BCEJYS
040 _aAR-UNSa-BCEJYS
_bspa
_cAR-UNSa-BCEJYS
080 _a336.226.3
_xImpuestos por el uso de los ingresos. Impuestos al consumo. IVA
245 1 0 _aImpuesto al valor agregado
_panálisis integral
020 _a978-987-01-0578-7
264 1 _aBuenos Aires :
_bErrepar
_c2006
300 _axlv, 1360 p.
_c22 cm.
505 _a 1. Introducción al gravamen - 2. Objeto del impuesto - 3. Sujetos pasivos del impuesto - 4. Momento de generación del débito fiscal - 5. Exenciones - 6. Base imponible - 7. Débito fiscal - 8. Crédito fiscal - 9. Prorrateo de los créditos fiscales - 10. Habitualistas en la compraventa de bienes usados a consumidores finales - 11. Intermediarios que actúan en nombre propio - 12. Intermediarios que actúen por cuenta y en nombre de terceros - 13. Mercados de cereales a término - 14. Servicio de turismo - 15. Régimen especial de las concesiones de explotación - 16. Obras sobre inmueble - 17. Los servicios médicos - 18. Concursos preventivos y quiebras - 19. Servicios técnicos y profesionales - 20.Explotación agropecuaria - 21. Operaciones de seguros - 22. Actividad financiera - 23. La actividad de transporte - 24. Medios de comunicación, publicidad y producciones para radio y televisión Y cine - 25. Saldos a favor - 26. Régimen de inscripción y cancelación del impuesto al valor agregado- 27. Recupero del IVA de exportación - 28. Regímenes de retención y percepción - 29. Alícuota del gravamen.
942 _cBK
590 _aniveau_biblio:m niveau_hierar:0
100 1 _aMarchevsky, Rubén Alberto
856 4 1 _uhttps://biblioeco.unsa.edu.ar/pmb/images/libros/Impuesto al valor agregado-l119518.jpg
_yImagen de portada
_qimage/jpeg
999 _c448
_d448